MARC Record
Leader
003
BE-GnUNI
007
't'u
035
a| (MSK)310011833
084
a| XIII.1975.MÜNCHEN.1
245
0
0
a| Grosse Kunstausstellung München (Ausstellung München, Haus der Kunst, 1975).
260
a| München :
b| Haus der Kunst (München),
c| 1975.
585
a| Grosse Kunstausstellung München (1975)
500
a| Tentoonstellingscatalogus
852
4
b| MSK
c| MSK
j| XIII.1975.MÜNCHEN.1
920
a| boek
001
000011727
005
20241224121614.0